• 首页
  • 本馆介绍
  • 公告通知
  • 最新文献
  • 馆藏检索
  • 电子资源
  • 读者导购
  • 参考咨询
  • 我的图书馆
  • 登录
  • 详细信息显示
  • 放入我的书架
  • 预约/预借图书
  • 作者相关作品
  • 分类相关作品
  • 丛书相关作品
  • 出版社相关作品

书目信息

  • 表格格式
  • 工作单格式
  • 卡片格式
书名: Introduction to Fourier optics
作者: [by] Joseph W. Goodman.
分册号:
分册名:
出版地: San Francisco :
 
出版社: McGraw-Hill
出版时间: [1968].
页数: xiii, 287 p. :
开本: 23 cm.
丛书名:
中图分类号:
科图分类号:
其他分类号: O43:H31
主题词:
电子资源:
000 00781cam 22002531p 4504
001 E0731523323
003 CaOON
005 20070228084539.12
008 700914s1968 caua b 0001 eng l
010    @a68017184 //r84
040    @aDLC@beng@cDLC@dCaOONL
050 00 @aQC355@b.G65
082    @a535/.01/517355
090    @aP351/W16
090    @aO43:H31
099    @dO43:H31@ex40
100 1  @aGoodman, Joseph W.
245 10 @aIntroduction to Fourier optics / @c[by] Joseph W. Goodman.
260 0  @aSan Francisco :@bMcGraw-Hill,@c[1968].
300    @axiii, 287 p. :@billus. ;@c23 cm.
490 0  @aMcGraw-Hill physical and quantum electronics series.
504    @aIncludes bibliographies.
650  0 @aFourier transform optics.
740 0  @aFourier optics.
    
    Introduction to Fourier optics / / [by] Joseph W. Goodman.-San Francisco : : McGraw-Hill, , [1968].
    xiii, 287 p. : : illus. ; ; 23 cm.- (McGraw-Hill physical and quantum electronics series. )
    Includes bibliographies.
    
    ISBN
    
●
相关链接 在E读中查询图书 在五车中查询图书 在当当中查询图书 在豆瓣中查询图书


正题名:Introduction to Fourier optics     索取号:O43:H31/x40         预约/预借

序号 登录号 条形码 馆藏地/架位号 状态 备注
1 136973   000638199   第四借阅区/ [索取号:O43:H31/x40] 在馆    
2 136974   000638206   第四借阅区/ [索取号:O43:H31/x40] 在馆    
3 136975   000638215   第二样本阅览室/ [索取号:O43:H31/x40] 在馆    
唐山师范学院图书馆 欢迎您!
大连网信软件有限公司© 版权所有